مكتبة جامعة عجلون الوطنية

فهرس بحث المكتبة

Foucs on Personal Finance : (Record no. 33227)

MARC details
000 -LEADER
fixed length control field 00636nam a22001937a 4500
003 - CONTROL NUMBER IDENTIFIER
control field JO-AjAnu
005 - DATE AND TIME OF LATEST TRANSACTION
control field 20231202133747.0
008 - FIXED-LENGTH DATA ELEMENTS--GENERAL INFORMATION
fixed length control field 231202b jo ||||| |||| 00| 0 ara d
040 ## - CATALOGING SOURCE
Transcribing agency JO-AjAnu
Modifying agency ANU
100 ## - MAIN ENTRY--PERSONAL NAME
Personal name Jack R. Kapoor
9 (RLIN) 64596
Relator term auther
245 ## - TITLE STATEMENT
Title Foucs on Personal Finance :
Remainder of title An Active Apperoach to Help You Achieve Financial Literacy /
Statement of responsibility, etc. Jack R. Kapoor
260 ## - PUBLICATION, DISTRIBUTION, ETC.
Place of publication, distribution, etc. US :
Name of publisher, distributor, etc. Mc Graw Hill،
Date of publication, distribution, etc. 2022
300 ## - PHYSICAL DESCRIPTION
Extent 538 pages
650 ## - SUBJECT ADDED ENTRY--TOPICAL TERM
Form subdivision Focus
700 ## - ADDED ENTRY--PERSONAL NAME
Personal name Les R. Dlabay
9 (RLIN) 64594
Relator term joint auther
700 ## - ADDED ENTRY--PERSONAL NAME
Personal name Melissa M. Hart
9 (RLIN) 64597
Relator term joint auther
700 ## - ADDED ENTRY--PERSONAL NAME
Personal name Robert J. Hughes
9 (RLIN) 64595
Relator term joint auther
942 ## - ADDED ENTRY ELEMENTS (KOHA)
Source of classification or shelving scheme Library of Congress Classification
Koha item type Books
Suppress in OPAC No
Holdings
Withdrawn status Lost status Source of classification or shelving scheme Damaged status Not for loan Home library Current library Date acquired Total Checkouts Full call number Barcode Date last seen Price effective from Koha item type
    Library of Congress Classification     مكتبة جامعة عجلون الوطنية مكتبة جامعة عجلون الوطنية 02/12/2023   H179.K368.2022 e3655 02/12/2023 02/12/2023 Books
    Library of Congress Classification     مكتبة جامعة عجلون الوطنية مكتبة جامعة عجلون الوطنية 02/12/2023   H179.K368.2022 e3656 02/12/2023 02/12/2023 Books